00000000nam 2200000za 4500
0019.652945
003CaOODSP
00520240501110545
007ta
008150407|1988||||xxc|||||     f|0| 0 eng d
020 |a0-660-54230-7
040 |aCaOODSP|beng
041 |aeng
041 |afre
043 |an-cn---
0861 |aYX44-1985/5
1101 |aCanada.|bStatutes.
24510|aRevised Statutes of Canada, 1985, vol. V
260 |bStatutes, |c1988.
590 |a88-30|b1988-07-29
7760#|tLois révisées du Canada (1985). Vol. V / |w(CaOODSP)9.676792
792 |tLois révisées du Canada (1985), vol. V |efre|w(CaOODSP)9.652946